<?xml version="1.0" encoding="UTF-8"?>
<record
    xmlns:xsi="http://www.w3.org/2001/XMLSchema-instance"
    xsi:schemaLocation="http://www.loc.gov/MARC21/slim http://www.loc.gov/standards/marcxml/schema/MARC21slim.xsd"
    xmlns="http://www.loc.gov/MARC21/slim">

  <leader>01029nam a2200313 a 4500</leader>
  <datafield tag="999" ind1=" " ind2=" ">
    <subfield code="c">23259</subfield>
    <subfield code="d">23259</subfield>
  </datafield>
  <controlfield tag="001">vtls008422592</controlfield>
  <controlfield tag="005">20220615113219.0</controlfield>
  <controlfield tag="008">160610s2005    xo o   e p    000 0 slo  </controlfield>
  <datafield tag="020" ind1=" " ind2=" ">
    <subfield code="a">8010008184 (bro&#x17E;.)</subfield>
  </datafield>
  <datafield tag="035" ind1=" " ind2=" ">
    <subfield code="a">BAAA8A9A-6EA3-44BF-832C-3AC3072BAD29</subfield>
  </datafield>
  <datafield tag="035" ind1=" " ind2=" ">
    <subfield code="a">urn:nbn:sk:snk-aml1w8</subfield>
  </datafield>
  <datafield tag="035" ind1=" " ind2=" ">
    <subfield code="a">urn:nbn:sk:snk-am008mjn</subfield>
  </datafield>
  <datafield tag="040" ind1=" " ind2=" ">
    <subfield code="a">SNK</subfield>
    <subfield code="b">slo</subfield>
    <subfield code="c">SNK</subfield>
  </datafield>
  <datafield tag="041" ind1="0" ind2=" ">
    <subfield code="a">slo</subfield>
  </datafield>
  <datafield tag="044" ind1=" " ind2=" ">
    <subfield code="a">xo</subfield>
    <subfield code="c">SK</subfield>
  </datafield>
  <datafield tag="072" ind1=" " ind2="7">
    <subfield code="a">339.3</subfield>
    <subfield code="x">Vn&#xFA;torn&#xFD; obchod</subfield>
    <subfield code="2">konspekt</subfield>
  </datafield>
  <datafield tag="080" ind1=" " ind2=" ">
    <subfield code="a">658.811</subfield>
    <subfield code="2">MDT-MRF</subfield>
  </datafield>
  <datafield tag="080" ind1=" " ind2=" ">
    <subfield code="a">(075.3)</subfield>
    <subfield code="2">MDT-MRF</subfield>
  </datafield>
  <datafield tag="080" ind1=" " ind2=" ">
    <subfield code="a">339.37</subfield>
    <subfield code="2">MDT-MRF</subfield>
  </datafield>
  <datafield tag="100" ind1="1" ind2=" ">
    <subfield code="a">Golanov&#xE1;, Sid&#xF3;nia</subfield>
    <subfield code="9">3128</subfield>
  </datafield>
  <datafield tag="245" ind1="1" ind2="0">
    <subfield code="a">Obchodn&#xE1; prev&#xE1;dzka pre 1. ro&#x10D;n&#xED;k stredn&#xFD;ch odborn&#xFD;ch u&#x10D;il&#xED;&#x161;&#x165;</subfield>
    <subfield code="c">Sid&#xF3;nia Golanov&#xE1;</subfield>
  </datafield>
  <datafield tag="250" ind1=" " ind2=" ">
    <subfield code="a">1. vyd.</subfield>
  </datafield>
  <datafield tag="260" ind1=" " ind2=" ">
    <subfield code="a">Bratislava</subfield>
    <subfield code="b">Slovensk&#xE9; pedagogick&#xE9; nakladate&#x13E;stvo</subfield>
    <subfield code="c">2005</subfield>
  </datafield>
  <datafield tag="300" ind1=" " ind2=" ">
    <subfield code="a">112 s.</subfield>
    <subfield code="b">fareb. fotogr.</subfield>
    <subfield code="c">20 cm</subfield>
  </datafield>
  <datafield tag="500" ind1=" " ind2=" ">
    <subfield code="a">Ilustr. na tit. strane</subfield>
  </datafield>
  <datafield tag="650" ind1="0" ind2="7">
    <subfield code="a">maloobchod</subfield>
    <subfield code="2">SNKPH</subfield>
    <subfield code="9">3129</subfield>
  </datafield>
  <datafield tag="650" ind1="0" ind2="7">
    <subfield code="a">mana&#x17E;ment predaja</subfield>
    <subfield code="2">SNKPH</subfield>
    <subfield code="9">3130</subfield>
  </datafield>
  <datafield tag="655" ind1=" " ind2="7">
    <subfield code="a">u&#x10D;ebnice stredn&#xFD;ch &#x161;k&#xF4;l</subfield>
    <subfield code="2">SNKPH</subfield>
    <subfield code="9">3131</subfield>
  </datafield>
  <datafield tag="952" ind1=" " ind2=" ">
    <subfield code="0">0</subfield>
    <subfield code="1">0</subfield>
    <subfield code="2">udc</subfield>
    <subfield code="4">0</subfield>
    <subfield code="7">0</subfield>
    <subfield code="8">D</subfield>
    <subfield code="a">10000</subfield>
    <subfield code="b">10000</subfield>
    <subfield code="d">2022-06-15</subfield>
    <subfield code="i">21592</subfield>
    <subfield code="o">S1519</subfield>
    <subfield code="p">S1519</subfield>
    <subfield code="r">2022-06-15</subfield>
    <subfield code="w">2022-06-15</subfield>
    <subfield code="y">OLDO</subfield>
  </datafield>
</record>
